Reverse Dictionary #2 - Statistics

General Stats
  • This quiz has been taken 181 times
  • The average score is 17 of 25
Answer Stats
Definition First Letter Word % Correct
Unable to see, due to physiological or neurological factors. B Blind
98%
A mother of someone's parent. G Grandmother
96%
Free from writing, printing, or marks; having an empty space to be filled in. B Blank
92%
A unit of volume, equivalent to eight pints. G Gallon
91%
A room, building or institution equipped for scientific research, experimentation or analysis. L Laboratory
89%
The ability to see. S Sight
89%
A wheeled vehicle that moves independently, with at least three wheels, powered mechanically, steered by a driver and mostly for personal transportation. C Car
88%
The act of flying. F Flight
80%
A body of words, and set of methods of combining them (called a grammar), understood by a community and used as a form of communication. L Language
79%
One who holds a lease. T Tenant
77%
Metal formed into a thin, even thread, now usually by being drawn through a hole in a steel die. W Wire
77%
Something secret or unexplainable; an unknown. M Mystery
76%
To thrive or grow well. F Flourish
72%
To bring (the body or part of it) into contact with a substance that causes illness (a pathogen), so that the pathogen begins to act on the body. I Infect
72%
Human conduct relative to social norms. B Behavior
70%
A systematic non-narrative presentation of data. [such as a table, diagram, or graph] C Chart
63%
To provide (something), to make (something) available for use. S Supply
62%
A two-dimensional geometric figure, a line, consisting of the set of all those points in a plane that are equally distant from a given point (center). C Circle
58%
The quality of being possible. P Possibility
54%
To announce or declare. P Proclaim
54%
Strength or energy of body or mind; active power; vigour; might; capacity of exercising an influence or producing an effect. F Force
45%
To relax; to spend time lazily; to stand, sit, or recline, in an indolent manner. L Lounge
45%
The office or role of president. P Presidency
42%
To cause to become unsteady and fall; to overbalance or become unsteady and fall slowly. T Topple
36%
Additional; added to supply what is wanted. S Supplementary
19%
No matching quizzes found
Score Distribution
Percent of People with Each Score
Percentile by Number Answered
Your Score History
You have not taken this quiz